[Event "Neumarkt am Wallersee op-C 16th"]
[Site "Neumarkt am Wallersee"]
[Date "2018.09.04"]
[Round "3.1"]
[White "Winkler, Manfred"]
[Black "Braeuer, Mario"]
[Result "1/2-1/2"]
[WhiteElo "1622"]
[BlackElo "1476"]
[PlyCount "84"]
[EventDate "2018.09.02"]
[EventType "swiss"]
[EventRounds "7"]
[EventCountry "AUT"]
[SourceTitle "EXT 2024"]
[Source "ChessBase"]
[SourceDate "2023.10.10"]
[SourceVersion "1"]
[SourceVersionDate "2023.10.10"]
[SourceQuality "1"]

1. d4 e5 2. dxe5 Qe7 3. Nf3 Nc6 4. Bd2 Nxe5 5. Nxe5 Qxe5 6. Bc3 Qe6 7. e3 d5 8. Be2 Nf6 9. 0-0 c6 10. a3 Bd6 11. Nd2 0-0 12. Bxf6 Qxf6 13. c3 Re8 14. Bg4 Qh4 15. h3 Bxg4 16. Qxg4 Qxg4 17. hxg4 Re6 18. g5 h6 19. gxh6 Rxh6 20. g3 f6 21. Kg2 Kf7 22. Rh1 Rah8 23. Nf3 Rxh1 24. Rxh1 Rxh1 25. Kxh1 g5 26. Nd4 Kg6 27. g4 Kf7 28. Ne2 Ke6 29. f4 Bc5 30. Nd4+ Kf7 31. f5 Ke7 32. b4 Bb6 33. Nc2 a5 34. Kg2 Kd6 35. Kf3 Ke5 36. Ne1 c5 37. Nd3+ Kd6 38. e4 dxe4+ 39. Kxe4 axb4 40. axb4 cxb4 41. cxb4 Bd8 42. Nc5 Kc6 1/2-1/2